Metodologa̕ de la investigacin̤ Propuesta, anteproyecto y proyecto /

Detalles Bibliográficos
Autor principal: Lerma Gonzl̀ez, Hčtor Daniel
Formato: eBook
Lenguaje:español
Publicado: Bogot:̀ ECOE, 2009
Materias:
Acceso en línea:Acceso restringido

MARC

LEADER 00000nam a22000007a 4500
005 20220217185335.0
007 cr|||| ||||
008 220217s2009 co |||||s|||| 00||0 spa d
020 |a 9789586488747 
035 |a 35880 
040 |a vLex 
090 |c 13021  |d 13021 
100 1 |a Lerma Gonzl̀ez, Hčtor Daniel 
245 1 0 |a Metodologa̕ de la investigacin̤  |h [Recurso electrn̤ico] :  |b Propuesta, anteproyecto y proyecto /  |c Hčtor Daniel Lerma Gonzl̀ez 
256 |a Servicio en ln̕ea 
260 |a Bogot:̀  |b ECOE,  |c 2009 
300 |a 1 recurso electrn̤ico 
506 1 |a Disponible solo en los productos indicados  |d vLex Global  |d vLex Global (Academic Edition, excluding Law Schools)  |d vLex Global (U.S. Academic Edition, Law Schools)  |d vLex Global (U.S. Academic Edition, excluding Law Schools)  |d vLex Global (Academic Edition, Law Schools) 
650 0 4 |a Ciencias sociales  |z Colombia 
740 0 |a vLex Libros (Servicio en ln̕ea) 
856 4 0 |u https://app.vlex.com/#/sources/35880  |z Acceso restringido 
942 |c BOOK 
999 0 |a Social Sciences